NBA TEAM PSP LEADERS by YEAR - Statistics

General Stats
  • This quiz has been taken 25 times
  • The average score is 1073 of 1664
Answer Stats
Season Team Player PSP Pos % Correct
2007 NYK Eddy Curry 2357 C
94%
2017 BOS Isaiah Thomas 3994 PG
94%
2016 BOS Isaiah Thomas 3416 PG
94%
1993 DET Isiah Thomas 3106 PG
94%
1992 DET Isiah Thomas 3120 PG
94%
1990 DET Isiah Thomas 4382 PG
94%
1989 DET Isiah Thomas 3905 PG
94%
1988 DET Isiah Thomas 4456 PG
94%
1987 DET Isiah Thomas 4520 PG
94%
1986 DET Isiah Thomas 3973 PG
94%
1985 DET Isiah Thomas 5030 PG
94%
1984 DET Isiah Thomas 4395 PG
94%
1983 DET Isiah Thomas 3678 PG
94%
2024 BOS Jayson Tatum 4364 PF
94%
2023 BOS Jayson Tatum 4692 SF
94%
2022 BOS Jayson Tatum 4569 SF
94%
2021 BOS Jayson Tatum 3133 SF
94%
2020 BOS Jayson Tatum 3371 PF
94%
2024 LAL LeBron James 4023 PF
94%
2023 LAL LeBron James 3727 PF
94%
2021 LAL LeBron James 2591 PG
94%
2020 LAL LeBron James 4923 PG
94%
2019 LAL LeBron James 2983 SF
94%
2018 CLE LeBron James 6038 PF
94%
2017 CLE LeBron James 5116 SF
94%
2016 CLE LeBron James 4814 SF
94%
2015 CLE LeBron James 4558 SF
94%
2014 MIA LeBron James 4671 PF
94%
2013 MIA LeBron James 5096 PF
94%
2012 MIA LeBron James 4352 SF
94%
2011 MIA LeBron James 4962 SF
94%
2010 CLE LeBron James 4945 SF
94%
2009 CLE LeBron James 5182 SF
94%
2008 CLE LeBron James 4845 SF
94%
2007 CLE LeBron James 4802 SF
94%
2006 CLE LeBron James 4949 SF
94%
2005 CLE LeBron James 4146 SF
94%
2004 CLE LeBron James 3204 SG
94%
2023 ATL Trae Young 4082 PG
94%
2022 ATL Trae Young 4268 PG
94%
2021 ATL Trae Young 3922 PG
94%
2020 ATL Trae Young 3226 PG
94%
2019 ATL Trae Young 3243 PG
94%
2018 NOP Anthony Davis 4059 PF
89%
2017 NOP Anthony Davis 3558 C
89%
2016 NOP Anthony Davis 2543 C
89%
2015 NOP Anthony Davis 3153 PF
89%
2014 NOP Anthony Davis 2555 PF
89%
2024 MIN Anthony Edwards 4226 SG
89%
2023 MIN Anthony Edwards 3616 SG
89%
1968 BOS Bill Russell 4048 C
89%
1967 BOS Bill Russell 4112 C
89%
1966 BOS Bill Russell 4448 C
89%
1965 BOS Bill Russell 4452 C
89%
1964 BOS Bill Russell 4329 C
89%
1963 BOS Bill Russell 4570 C
89%
1962 BOS Bill Russell 4732 C
89%
1961 BOS Bill Russell 4312 C
89%
1960 BOS Bill Russell 4335 C
89%
1959 BOS Bill Russell 3780 C
89%
1958 BOS Bill Russell 3515 C
89%
1975 PHI Billy Cunningham 3299 SF
89%
1972 PHI Billy Cunningham 3548 SF
89%
1971 PHI Billy Cunningham 3964 SF
89%
1970 PHI Billy Cunningham 4157 SF
89%
1969 PHI Billy Cunningham 3867 PF
89%
2024 DET Cade Cunningham 2679 PG
89%
2015 IND David West 1760 PF
89%
2010 NOH David West 2760 PF
89%
2024 ATL Dejounte Murray 3361 SG
89%
2022 SAS Dejounte Murray 3452 PG
89%
2023 PHO Devin Booker 2976 SG
89%
2020 PHO Devin Booker 3139 SG
89%
2019 PHO Devin Booker 2900 SG
89%
2018 PHO Devin Booker 2157 SG
89%
2016 MIA Dwyane Wade 3043 SG
89%
2015 MIA Dwyane Wade 2242 SG
89%
2010 MIA Dwyane Wade 3922 SG
89%
2009 MIA Dwyane Wade 4571 SG
89%
2008 MIA Dwyane Wade 2300 SG
89%
2007 MIA Dwyane Wade 2743 SG
89%
2006 MIA Dwyane Wade 4810 SG
89%
2005 MIA Dwyane Wade 4182 SG
89%
2023 HOU Jalen Green 2606 SG
89%
1982 CLE James Edwards 2256 C
89%
1981 IND James Edwards 2461 C
89%
2024 LAC James Harden 3185 PG
89%
2020 HOU James Harden 4624 SG
89%
2019 HOU James Harden 5327 PG
89%
2018 HOU James Harden 4872 SG
89%
2017 HOU James Harden 5573 PG
89%
2016 HOU James Harden 4539 SG
89%
2015 HOU James Harden 4870 SG
89%
2014 HOU James Harden 3503 SG
89%
2013 HOU James Harden 3762 SG
89%
2023 MEM Ja Morant 3258 PG
89%
2022 MEM Ja Morant 3259 PG
89%
2021 MEM Ja Morant 2811 PG
89%
2020 MEM Ja Morant 2559 PG
89%
2014 BOS Jeff Green 2142 SF
89%
1972 LAL Jerry West 4491 PG
89%
1970 LAL Jerry West 4685 PG
89%
1966 LAL Jerry West 4723 SG
89%
1965 LAL Jerry West 4093 PG
89%
1962 LAL Jerry West 4316 PG
89%
2023 MIA Jimmy Butler 3794 PF
89%
2022 MIA Jimmy Butler 3093 SF
89%
2017 CHI Jimmy Butler 3542 SF
89%
2024 PHO Kevin Durant 3610 PF
89%
2022 BRK Kevin Durant 3092 PF
89%
2019 GSW Kevin Durant 4159 SF
89%
2018 GSW Kevin Durant 4166 SF
89%
2014 OKC Kevin Durant 5170 SF
89%
2013 OKC Kevin Durant 4491 SF
89%
2012 OKC Kevin Durant 3923 SF
89%
2010 OKC Kevin Durant 3988 SF
89%
2009 OKC Kevin Durant 2912 SF
89%
2008 SEA Kevin Durant 2509 SG
89%
1989 MIA Kevin Edwards 2220 SG
89%
2007 MIN Kevin Garnett 3520 PF
89%
2006 MIN Kevin Garnett 3449 PF
89%
2005 MIN Kevin Garnett 4090 PF
89%
2004 MIN Kevin Garnett 5192 PF
89%
2003 MIN Kevin Garnett 4555 PF
89%
2002 MIN Kevin Garnett 3929 PF
89%
2001 MIN Kevin Garnett 3939 PF
89%
2000 MIN Kevin Garnett 4057 PF
89%
1999 MIN Kevin Garnett 2211 PF
89%
1998 MIN Kevin Garnett 3472 PF
89%
2013 LAL Kobe Bryant 3635 SG
89%
2012 LAL Kobe Bryant 3084 SG
89%
2011 LAL Kobe Bryant 3731 SG
89%
2010 LAL Kobe Bryant 4332 SG
89%
2009 LAL Kobe Bryant 4714 SG
89%
2008 LAL Kobe Bryant 4942 SG
89%
2007 LAL Kobe Bryant 4083 SG
89%
2006 LAL Kobe Bryant 4476 SG
89%
2005 LAL Kobe Bryant 3146 SG
89%
2003 LAL Kobe Bryant 4820 SG
89%
2002 LAL Kobe Bryant 4324 SG
89%
1998 LAC Lamond Murray 2160 SF
89%
1991 BOS Larry Bird 3090 SF
89%
1990 BOS Larry Bird 4089 SF
89%
1988 BOS Larry Bird 4941 SF
89%
1987 BOS Larry Bird 5324 SF
89%
1986 BOS Larry Bird 5229 SF
89%
1985 BOS Larry Bird 5411 SF
89%
1984 BOS Larry Bird 5194 PF
89%
1983 BOS Larry Bird 4168 PF
89%
1982 BOS Larry Bird 4239 PF
89%
1981 BOS Larry Bird 4635 PF
89%
1980 BOS Larry Bird 3932 PF
89%
2024 DAL Luka Doncic 5774 PG
89%
2023 DAL Luka Doncic 3888 PG
89%
2022 DAL Luka Doncic 4537 PG
89%
2021 DAL Luka Doncic 4052 PG
89%
2020 DAL Luka Doncic 3843 PG
89%
2019 DAL Luka Doncic 3049 SG
89%
1991 LAL Magic Johnson 5250 PG
89%
1990 LAL Magic Johnson 4793 PG
89%
1989 LAL Magic Johnson 5174 PG
89%
1988 LAL Magic Johnson 4951 PG
89%
1987 LAL Magic Johnson 5548 PG
89%
1986 LAL Magic Johnson 4575 PG
89%
1985 LAL Magic Johnson 5037 PG
89%
1984 LAL Magic Johnson 4769 PG
89%
1983 LAL Magic Johnson 4716 SG
89%
1982 LAL Magic Johnson 4630 SG
89%
2003 WAS Michael Jordan 2921 SF
89%
2002 WAS Michael Jordan 2445 SF
89%
1998 CHI Michael Jordan 4563 SG
89%
1997 CHI Michael Jordan 4770 SG
89%
1996 CHI Michael Jordan 4788 SG
89%
1993 CHI Michael Jordan 5279 SG
89%
1992 CHI Michael Jordan 5360 SG
89%
1991 CHI Michael Jordan 5268 SG
89%
1990 CHI Michael Jordan 5616 SG
89%
1989 CHI Michael Jordan 5909 SG
89%
1988 CHI Michael Jordan 5240 SG
89%
1987 CHI Michael Jordan 4763 SG
89%
1985 CHI Michael Jordan 4297 SG
89%
2024 DEN Nikola Jokic 5391 C
89%
2023 DEN Nikola Jokic 5287 C
89%
2022 DEN Nikola Jokic 4655 C
89%
2021 DEN Nikola Jokic 4548 C
89%
2020 DEN Nikola Jokic 4224 C
89%
2019 DEN Nikola Jokic 4591 C
89%
2018 DEN Nikola Jokic 3255 C
89%
2017 DEN Nikola Jokic 2773 C
89%
2007 SEA Ray Allen 2250 SG
89%
2006 SEA Ray Allen 2980 SG
89%
2005 SEA Ray Allen 3323 SG
89%
2001 MIL Ray Allen 3902 SG
89%
1999 MIL Ray Allen 1603 SG
89%
1998 MIL Ray Allen 2842 SG
89%
1983 UTA Rickey Green 2956 PG
89%
2022 LAL Russell Westbrook 3216 PG
89%
2021 WAS Russell Westbrook 4207 PG
89%
2019 OKC Russell Westbrook 4498 PG
89%
2018 OKC Russell Westbrook 4986 PG
89%
2017 OKC Russell Westbrook 5632 PG
89%
2016 OKC Russell Westbrook 5391 PG
89%
2015 OKC Russell Westbrook 3676 PG
89%
2011 OKC Russell Westbrook 4439 PG
89%
2024 OKC Shai Gilgeous-Alexander 4348 PG
89%
2023 OKC Shai Gilgeous-Alexander 3469 PG
89%
2022 OKC Shai Gilgeous-Alexander 2428 PG
89%
2021 OKC Shai Gilgeous-Alexander 1460 SG
89%
2004 LAL Shaquille O'Neal 3742 C
89%
2001 LAL Shaquille O'Neal 4751 C
89%
2000 LAL Shaquille O'Neal 5567 C
89%
1999 LAL Shaquille O'Neal 2532 C
89%
1998 LAL Shaquille O'Neal 3492 C
89%
1995 ORL Shaquille O'Neal 4896 C
89%
1994 ORL Shaquille O'Neal 4273 C
89%
1993 ORL Shaquille O'Neal 3665 C
89%
2024 GSW Stephen Curry 3159 PG
89%
2023 GSW Stephen Curry 3405 PG
89%
2022 GSW Stephen Curry 3893 PG
89%
2021 GSW Stephen Curry 3277 PG
89%
2017 GSW Stephen Curry 4408 PG
89%
2016 GSW Stephen Curry 4811 PG
89%
2015 GSW Stephen Curry 4667 PG
89%
2014 GSW Stephen Curry 3998 PG
89%
2013 GSW Stephen Curry 3859 PG
89%
2010 GSW Stephen Curry 2870 PG
89%
2008 DEN Allen Iverson 3902 SG
83%
2006 PHI Allen Iverson 3823 PG
83%
2005 PHI Allen Iverson 4261 PG
83%
2003 PHI Allen Iverson 4392 SG
83%
2002 PHI Allen Iverson 3218 SG
83%
2001 PHI Allen Iverson 4482 SG
83%
2000 PHI Allen Iverson 3466 SG
83%
1999 PHI Allen Iverson 2444 SG
83%
1998 PHI Allen Iverson 3243 PG
83%
1997 PHI Allen Iverson 3414 PG
83%
2005 DEN Andre Miller 2888 PG
83%
2003 LAC Andre Miller 2588 PG
83%
2002 CLE Andre Miller 3638 PG
83%
2001 CLE Andre Miller 3117 PG
83%
1997 SAS Avery Johnson 2084 PG
83%
2024 MIA Bam Adebayo 3060 C
83%
2021 MIA Bam Adebayo 2743 C
83%
2020 MIA Bam Adebayo 3529 PF
83%
2010 LAC Baron Davis 2776 PG
83%
2009 LAC Baron Davis 2351 PG
83%
2008 GSW Baron Davis 3656 PG
83%
2007 GSW Baron Davis 3233 PG
83%
2004 NOH Baron Davis 3276 PG
83%
2002 CHH Baron Davis 3893 PG
83%
2019 PHI Ben Simmons 3849 PG
83%
2018 PHI Ben Simmons 3906 PG
83%
1970 ATL Bill Bridges 3404 PF
83%
1967 STL Bill Bridges 3361 PF
83%
1975 CLE Bingo Smith 2273 SF
83%
1973 CHI Bob Love 2944 PF
83%
1972 CHI Bob Love 2921 PF
83%
1971 CHI Bob Love 3361 PF
83%
2020 WAS Bradley Beal 2771 SG
83%
2019 WAS Bradley Beal 3585 SG
83%
2018 WAS Bradley Beal 3300 SG
83%
2008 SAC Brad Miller 2316 C
83%
1979 CLE Campy Russell 2945 SF
83%
1978 CLE Campy Russell 2608 SF
83%
1977 CLE Campy Russell 2152 SF
83%
2017 NYK Carmelo Anthony 2617 SF
83%
2016 NYK Carmelo Anthony 2827 SF
83%
2015 NYK Carmelo Anthony 1531 SF
83%
2014 NYK Carmelo Anthony 3364 PF
83%
2013 NYK Carmelo Anthony 3284 PF
83%
2012 NYK Carmelo Anthony 2284 SF
83%
2010 DEN Carmelo Anthony 3249 SF
83%
2007 DEN Carmelo Anthony 3064 SF
83%
2006 DEN Carmelo Anthony 3249 SF
83%
2004 DEN Carmelo Anthony 2935 SF
83%
2003 MIA Caron Butler 2192 SF
83%
1991 LAC Charles Smith 2582 SF
83%
1990 LAC Charles Smith 2602 PF
83%
2022 PHO Chris Paul 3305 PG
83%
2021 PHO Chris Paul 3645 PG
83%
2020 OKC Chris Paul 2936 PG
83%
2017 LAC Chris Paul 3024 PG
83%
2016 LAC Chris Paul 3575 PG
83%
2015 LAC Chris Paul 4340 PG
83%
2013 LAC Chris Paul 3231 PG
83%
2012 LAC Chris Paul 3099 PG
83%
2011 NOH Chris Paul 3673 PG
83%
2009 NOH Chris Paul 4378 PG
83%
2008 NOH Chris Paul 4724 PG
83%
2007 NOK Chris Paul 2643 PG
83%
2006 NOK Chris Paul 3061 PG
83%
2022 ORL Cole Anthony 2211 PG
83%
1949 BLB Connie Simmons 1073
83%
1947 BOS Connie Simmons 744
83%
2023 POR Damian Lillard 3061 PG
83%
2021 POR Damian Lillard 3664 PG
83%
2020 POR Damian Lillard 3616 PG
83%
2019 POR Damian Lillard 4412 PG
83%
2018 POR Damian Lillard 3488 PG
83%
2017 POR Damian Lillard 3522 PG
83%
2016 POR Damian Lillard 3791 PG
83%
2015 POR Damian Lillard 3409 PG
83%
2014 POR Damian Lillard 3447 PG
83%
2013 POR Damian Lillard 2974 PG
83%
2019 BRK D'Angelo Russell 3432 PG
83%
2024 CHI DeMar DeRozan 3297 SF
83%
2023 CHI DeMar DeRozan 3119 SF
83%
2022 CHI DeMar DeRozan 3540 PF
83%
2021 SAS DeMar DeRozan 2519 PF
83%
2020 SAS DeMar DeRozan 2729 SF
83%
2019 SAS DeMar DeRozan 3443 SG
83%
2018 TOR DeMar DeRozan 3450 SG
83%
2017 TOR DeMar DeRozan 3432 SG
83%
2013 TOR DeMar DeRozan 2313 SG
83%
1982 PHO Dennis Johnson 3139 SG
83%
2016 DAL Dirk Nowitzki 2376 PF
83%
2012 DAL Dirk Nowitzki 2253 PF
83%
2011 DAL Dirk Nowitzki 3543 PF
83%
2010 DAL Dirk Nowitzki 3486 PF
83%
2009 DAL Dirk Nowitzki 3741 PF
83%
2008 DAL Dirk Nowitzki 3372 PF
83%
2007 DAL Dirk Nowitzki 3482 PF
83%
2006 DAL Dirk Nowitzki 4533 PF
83%
2005 DAL Dirk Nowitzki 4049 PF
83%
2004 DAL Dirk Nowitzki 3186 C
83%
2003 DAL Dirk Nowitzki 4210 PF
83%
2002 DAL Dirk Nowitzki 3456 C
83%
2001 DAL Dirk Nowitzki 3426 PF
83%
2024 CLE Donovan Mitchell 3000 SG
83%
2023 CLE Donovan Mitchell 3165 SG
83%
2022 UTA Donovan Mitchell 3096 SG
83%
2021 UTA Donovan Mitchell 2745 PG
83%
2020 UTA Donovan Mitchell 2997 SG
83%
2019 UTA Donovan Mitchell 3099 SG
83%
2018 UTA Donovan Mitchell 3084 SG
83%
2012 ORL Dwight Howard 2303 C
83%
2011 ORL Dwight Howard 3665 C
83%
2010 ORL Dwight Howard 3683 C
83%
2009 ORL Dwight Howard 4235 C
83%
2008 ORL Dwight Howard 3733 C
83%
2007 ORL Dwight Howard 3133 C
83%
2006 ORL Dwight Howard 2744 PF
83%
1984 KCK Eddie Johnson 3027 SF
83%
1980 NJN Eddie Jordan 2721 PG
83%
1981 ATL Eddie L. Johnson 2561 SG
83%
2024 MIL Giannis Antetokounmpo 4181 PF
83%
2023 MIL Giannis Antetokounmpo 3660 PF
83%
2022 MIL Giannis Antetokounmpo 4454 PF
83%
2021 MIL Giannis Antetokounmpo 4412 PF
83%
2020 MIL Giannis Antetokounmpo 4028 PF
83%
2019 MIL Giannis Antetokounmpo 4702 PF
83%
2018 MIL Giannis Antetokounmpo 4055 PF
83%
2017 MIL Giannis Antetokounmpo 3959 SF
83%
2016 MIL Giannis Antetokounmpo 2859 PG
83%
2015 MIL Giannis Antetokounmpo 2299 SG
83%
2017 UTA Gordon Hayward 3011 SF
83%
2016 UTA Gordon Hayward 2689 SF
83%
2015 UTA Gordon Hayward 2600 SF
83%
2014 UTA Gordon Hayward 2589 SF
83%
1996 VAN Greg Anthony 2220 PG
83%
1967 BAL Gus Johnson 2754 SF
83%
2024 NYK Jalen Brunson 4281 PG
83%
2024 MEM Jaren Jackson Jr. 2345 C
83%
2007 IND Jermaine O'Neal 2566 C
83%
2005 IND Jermaine O'Neal 2144 PF
83%
2004 IND Jermaine O'Neal 3465 PF
83%
2003 IND Jermaine O'Neal 3221 PF
83%
2002 IND Jermaine O'Neal 2721 PF
83%
1994 DAL Jim Jackson 2824 SG
83%
2015 BRK Joe Johnson 2405 SG
83%
2014 BRK Joe Johnson 2383 SG
83%
2009 ATL Joe Johnson 3368 SG
83%
2008 ATL Joe Johnson 3421 SG
83%
2006 ATL Joe Johnson 3194 SG
83%
2023 PHI Joel Embiid 3959 C
83%
2022 PHI Joel Embiid 4016 C
83%
2021 PHI Joel Embiid 2925 C
83%
1972 CLE John Johnson 2852 SF
83%
1982 IND Johnny Davis 2353 SG
83%
1992 UTA John Stockton 4842 PG
83%
1991 UTA John Stockton 4704 PG
83%
1990 UTA John Stockton 4291 PG
83%
1989 UTA John Stockton 4351 PG
83%
1988 UTA John Stockton 4581 PG
83%
2017 WAS John Wall 4705 PG
83%
2016 WAS John Wall 3692 PG
83%
2015 WAS John Wall 3861 PG
83%
2014 WAS John Wall 3952 PG
83%
2013 WAS John Wall 1950 PG
83%
2012 WAS John Wall 2588 PG
83%
2011 WAS John Wall 2752 PG
83%
2013 ATL Josh Smith 3041 PF
83%
2012 ATL Josh Smith 2801 PF
83%
2011 ATL Josh Smith 3051 PF
83%
2010 ATL Josh Smith 3304 PF
83%
2007 ATL Josh Smith 2579 SF
83%
2023 NYK Julius Randle 3734 PF
83%
2022 NYK Julius Randle 2995 PF
83%
2021 NYK Julius Randle 3562 PF
83%
2020 NYK Julius Randle 2339 PF
83%
2018 LAL Julius Randle 2485 C
83%
2017 LAL Julius Randle 2225 PF
83%
2016 LAL Julius Randle 2118 PF
83%
2022 MIN Karl-Anthony Towns 3500 C
83%
2021 MIN Karl-Anthony Towns 2314 C
83%
2020 MIN Karl-Anthony Towns 1685 C
83%
2019 MIN Karl-Anthony Towns 3544 C
83%
2018 MIN Karl-Anthony Towns 3504 C
83%
2017 MIN Karl-Anthony Towns 3667 C
83%
2016 MIN Karl-Anthony Towns 2879 C
83%
2003 UTA Karl Malone 3402 PF
83%
2002 UTA Karl Malone 3521 PF
83%
2001 UTA Karl Malone 3649 PF
83%
2000 UTA Karl Malone 4069 PF
83%
1999 UTA Karl Malone 2608 PF
83%
1998 UTA Karl Malone 4743 PF
83%
1997 UTA Karl Malone 4858 PF
83%
1996 UTA Karl Malone 4659 PF
83%
1995 UTA Karl Malone 4106 PF
83%
1994 UTA Karl Malone 4686 PF
83%
1993 UTA Karl Malone 4161 PF
83%
1987 UTA Karl Malone 3289 PF
83%
2020 LAC Kawhi Leonard 3314 SF
83%
2019 TOR Kawhi Leonard 3758 SF
83%
2017 SAS Kawhi Leonard 3587 SF
83%
2016 SAS Kawhi Leonard 2971 SF
83%
2023 SAS Keldon Johnson 2126 SF
83%
2019 CHO Kemba Walker 3567 PG
83%
2018 CHO Kemba Walker 3021 PG
83%
2017 CHO Kemba Walker 3113 PG
83%
2016 CHO Kemba Walker 3302 PG
83%
2015 CHO Kemba Walker 2051 PG
83%
2013 CHA Kemba Walker 2871 PG
83%
2012 CHA Kemba Walker 1691 PG
83%
1991 HOU Kenny Smith 2875 PG
83%
1989 SAC Kenny Smith 2980 PG
83%
1997 PHO Kevin Johnson 3262 PG
83%
1994 PHO Kevin Johnson 3420 PG
83%
1992 PHO Kevin Johnson 4061 PG
83%
1991 PHO Kevin Johnson 3862 PG
83%
1990 PHO Kevin Johnson 4494 PG
83%
1989 PHO Kevin Johnson 4785 PG
83%
2014 MIN Kevin Love 3749 PF
83%
2012 MIN Kevin Love 2463 PF
83%
2011 MIN Kevin Love 3029 PF
83%
2021 BRK Kyrie Irving 2801 PG
83%
2019 BOS Kyrie Irving 3370 PG
83%
2014 CLE Kyrie Irving 2734 PG
83%
2013 CLE Kyrie Irving 2351 PG
83%
2022 CHO LaMelo Ball 3348 PG
83%
1996 CHH Larry Johnson 3151 PF
83%
1995 CHH Larry Johnson 3088 PF
83%
1993 CHH Larry Johnson 3767 PF
83%
1992 CHH Larry Johnson 3191 PF
83%
1993 SAC Lionel Simmons 2487 SF
83%
1991 SAC Lionel Simmons 2946 SF
83%
1999 IND Mark Jackson 1818 PG
83%
1998 IND Mark Jackson 3021 PG
83%
1996 IND Mark Jackson 2632 PG
83%
1993 LAC Mark Jackson 3355 PG
83%
1988 NYK Mark Jackson 3621 PG
83%
1986 LAC Marques Johnson 2664 SG
83%
1983 MIL Marques Johnson 3519 SF
83%
1981 MIL Marques Johnson 3231 SF
83%
1980 MIL Marques Johnson 3191 SF
83%
1979 MIL Marques Johnson 3231 SF
83%
1978 MIL Marques Johnson 3396 SF
83%
1980 IND Mickey Johnson 3200 PF
83%
2024 BRK Mikal Bridges 2687 SF
83%
1981 CLE Mike Mitchell 2907 SF
83%
1980 CLE Mike Mitchell 2744 SF
83%
2024 CHO Miles Bridges 2514 SF
83%
2023 TOR Pascal Siakam 3261 PF
83%
2022 TOR Pascal Siakam 3241 PF
83%
2021 TOR Pascal Siakam 2202 PF
83%
2023 LAC Paul George 2353 SF
83%
2021 LAC Paul George 3191 SF
83%
2016 IND Paul George 3599 SF
83%
2014 IND Paul George 3786 SF
83%
2013 IND Paul George 3560 SF
83%
2013 BOS Paul Pierce 2992 SF
83%
2008 BOS Paul Pierce 3758 SF
83%
2006 BOS Paul Pierce 3537 SF
83%
2005 BOS Paul Pierce 3477 SF
83%
2004 BOS Paul Pierce 3508 SG
83%
2003 BOS Paul Pierce 4049 SG
83%
2002 BOS Paul Pierce 4182 SG
83%
2016 SAC Rajon Rondo 3123 PG
83%
2012 BOS Rajon Rondo 3183 PG
83%
2011 BOS Rajon Rondo 3059 PG
83%
2010 BOS Rajon Rondo 4266 PG
83%
2009 BOS Rajon Rondo 3531 PG
83%
1978 BUF Randy Smith 3430 SG
83%
1977 BUF Randy Smith 3221 SG
83%
2022 LAC Reggie Jackson 2409 SG
83%
1997 IND Reggie Miller 2683 SG
83%
1995 IND Reggie Miller 2982 SG
83%
1994 IND Reggie Miller 2961 SG
83%
1991 IND Reggie Miller 3082 SG
83%
1990 IND Reggie Miller 3150 SG
83%
2003 CLE Ricky Davis 3049 SG
83%
2009 GSW Stephen Jackson 2407 SF
83%
2006 IND Stephen Jackson 2390 SG
83%
2012 PHO Steve Nash 2332 PG
83%
2011 PHO Steve Nash 3128 PG
83%
2010 PHO Steve Nash 4102 PG
83%
2009 PHO Steve Nash 2882 PG
83%
2008 PHO Steve Nash 3683 PG
83%
2007 PHO Steve Nash 4052 PG
83%
2006 PHO Steve Nash 4448 PG
83%
2005 PHO Steve Nash 4003 PG
83%
2015 SAS Tim Duncan 2716 C
83%
2014 SAS Tim Duncan 3173 C
83%
2010 SAS Tim Duncan 3203 C
83%
2009 SAS Tim Duncan 3122 C
83%
2008 SAS Tim Duncan 3785 C
83%
2007 SAS Tim Duncan 4125 C
83%
2006 SAS Tim Duncan 3699 PF
83%
2005 SAS Tim Duncan 3665 PF
83%
2004 SAS Tim Duncan 3496 PF
83%
2003 SAS Tim Duncan 5161 PF
83%
2002 SAS Tim Duncan 4522 PF
83%
2001 SAS Tim Duncan 4221 PF
83%
2000 SAS Tim Duncan 3333 PF
83%
1999 SAS Tim Duncan 2812 PF
83%
1998 SAS Tim Duncan 3746 PF
83%
2013 SAS Tony Parker 3416 PG
83%
2012 SAS Tony Parker 2789 PG
83%
2011 SAS Tony Parker 2931 PG
83%
2008 HOU Tracy McGrady 2945 SG
83%
2007 HOU Tracy McGrady 3500 SG
83%
2005 HOU Tracy McGrady 3952 SF
83%
2004 ORL Tracy McGrady 3155 SG
83%
2003 ORL Tracy McGrady 4255 SG
83%
2002 ORL Tracy McGrady 3738 SG
83%
2001 ORL Tracy McGrady 3822 SG
83%
2024 IND Tyrese Haliburton 3967 PG
83%
2023 IND Tyrese Haliburton 2651 PG
83%
1987 PHO Walter Davis 2940 SG
83%
1984 PHO Walter Davis 3455 SG
83%
2009 HOU Yao Ming 3014 C
83%
2006 HOU Yao Ming 2146 C
83%
2024 NOP Zion Williamson 2898 PF
83%
2021 NOP Zion Williamson 2636 PF
83%
2003 TOR Alvin Williams 2236 PG
78%
2002 TOR Alvin Williams 2497 PG
78%
2011 NYK Amar'e Stoudemire 3339 C
78%
2004 UTA Andrei Kirilenko 2766 PF
78%
1999 ORL Anfernee Hardaway 1891 SG
78%
1997 ORL Anfernee Hardaway 2503 PG
78%
1996 ORL Anfernee Hardaway 4009 PG
78%
2001 BOS Antoine Walker 3688 PF
78%
2000 BOS Antoine Walker 3091 PF
78%
1999 BOS Antoine Walker 1494 PF
78%
1998 BOS Antoine Walker 3424 PF
78%
1997 BOS Antoine Walker 2858 PF
78%
1974 CLE Austin Carr 2780 SG
78%
2019 DET Blake Griffin 3377 PF
78%
2014 LAC Blake Griffin 3980 PF
78%
2011 LAC Blake Griffin 3566 PF
78%
1957 BOS Bob Cousy 3033 PG
78%
1956 BOS Bob Cousy 3287 PG
78%
1955 BOS Bob Cousy 3367 PG
78%
1954 BOS Bob Cousy 3047 PG
78%
1953 BOS Bob Cousy 3202 PG
78%
1952 BOS Bob Cousy 2879 PG
78%
1964 STL Bob Pettit 4424 PF
78%
1963 STL Bob Pettit 4504 PF
78%
1962 STL Bob Pettit 4466 PF
78%
1961 STL Bob Pettit 4814 PF
78%
1960 STL Bob Pettit 4307 PF
78%
1959 STL Bob Pettit 3999 PF
78%
1958 STL Bob Pettit 3736 PF
78%
1957 STL Bob Pettit 3574 C
78%
1956 STL Bob Pettit 3664 C
78%
1955 MLH Bob Pettit 2918 PF
78%
2017 BRK Brook Lopez 2456 C
78%
2016 BRK Brook Lopez 2550 C
78%
2011 NJN Brook Lopez 2586 C
78%
2010 NJN Brook Lopez 2819 C
78%
1988 NJN Buck Williams 2443 PF
78%
1987 NJN Buck Williams 2922 PF
78%
1986 NJN Buck Williams 2822 PF
78%
1984 NJN Buck Williams 3130 PF
78%
1983 NJN Buck Williams 2947 PF
78%
2009 DEN Chauncey Billups 3326 PG
78%
2008 DET Chauncey Billups 3176 PG
78%
2007 DET Chauncey Billups 3086 PG
78%
2006 DET Chauncey Billups 3866 PG
78%
2005 DET Chauncey Billups 3534 PG
78%
2004 DET Chauncey Billups 3331 PG
78%
2010 TOR Chris Bosh 2880 C
78%
2009 TOR Chris Bosh 3043 C
78%
2008 TOR Chris Bosh 2762 C
78%
2007 TOR Chris Bosh 2986 C
78%
2005 TOR Chris Bosh 2574 PF
78%
1998 HOU Clyde Drexler 2724 SG
78%
1992 POR Clyde Drexler 4688 SG
78%
1991 POR Clyde Drexler 4287 SG
78%
1990 POR Clyde Drexler 4241 SG
78%
1989 POR Clyde Drexler 4066 SG
78%
1988 POR Clyde Drexler 4079 SG
78%
1987 POR Clyde Drexler 3873 SG
78%
1986 POR Clyde Drexler 3411 SG
78%
1985 POR Clyde Drexler 3383 SG
78%
2005 POR Damon Stoudamire 2591 PG
78%
1999 POR Damon Stoudamire 1803 PG
78%
1997 TOR Damon Stoudamire 3518 PG
78%
1996 TOR Damon Stoudamire 3035 PG
78%
2022 CLE Darius Garland 3051 PG
78%
1978 DEN David Thompson 3992 SG
78%
1977 DEN David Thompson 3540 SG
78%
2022 SAC De'Aaron Fox 2351 PG
78%
2021 SAC De'Aaron Fox 2612 PG
78%
2019 SAC De'Aaron Fox 3061 PG
78%
2017 SAC DeMarcus Cousins 2792 C
78%
2015 SAC DeMarcus Cousins 2781 C
78%
2014 SAC DeMarcus Cousins 3059 C
78%
2013 SAC DeMarcus Cousins 2587 C
78%
2012 SAC DeMarcus Cousins 2235 C
78%
2011 SAC DeMarcus Cousins 2403 C
78%
2013 BRK Deron Williams 3316 PG
78%
2012 NJN Deron Williams 2386 PG
78%
2010 UTA Deron Williams 3918 PG
78%
2009 UTA Deron Williams 3299 PG
78%
2008 UTA Deron Williams 4178 PG
78%
2007 UTA Deron Williams 3867 PG
78%
2011 CHI Derrick Rose 4520 PG
78%
2010 CHI Derrick Rose 3161 PG
78%
2009 CHI Derrick Rose 3067 PG
78%
2000 ATL Dikembe Mutombo 2605 C
78%
1998 ATL Dikembe Mutombo 2603 C
78%
1996 DEN Dikembe Mutombo 2271 C
78%
1995 DEN Dikembe Mutombo 2608 C
78%
1994 DEN Dikembe Mutombo 3028 C
78%
1993 DEN Dikembe Mutombo 2825 C
78%
1992 DEN Dikembe Mutombo 2612 C
78%
2024 SAC Domantas Sabonis 4281 C
78%
2023 SAC Domantas Sabonis 4007 C
78%
2022 IND Domantas Sabonis 1995 PF
78%
2021 IND Domantas Sabonis 3048 PF
78%
2020 IND Domantas Sabonis 2615 PF
78%
2019 IND Domantas Sabonis 2334 C
78%
2002 MIA Eddie Jones 2576 SG
78%
2000 CHH Eddie Jones 2779 SG
78%
2017 ORL Elfrid Payton 2619 PG
78%
1974 PHI Fred Carter 3059 SG
78%
1973 PHI Fred Carter 2800 SG
78%
2003 SEA Gary Payton 2351 PG
78%
2002 SEA Gary Payton 4059 PG
78%
2001 SEA Gary Payton 3621 PG
78%
2000 SEA Gary Payton 4397 PG
78%
1999 SEA Gary Payton 2321 PG
78%
1998 SEA Gary Payton 3941 PG
78%
1997 SEA Gary Payton 4127 PG
78%
1996 SEA Gary Payton 4240 PG
78%
1995 SEA Gary Payton 3481 PG
78%
1985 WSB Gus Williams 3325 PG
78%
1984 SEA Gus Williams 3519 PG
78%
1983 SEA Gus Williams 3392 PG
78%
1982 SEA Gus Williams 3809 PG
78%
1980 SEA Gus Williams 3746 PG
78%
2018 DAL Harrison Barnes 2287 PF
78%
2017 DAL Harrison Barnes 2224 PF
78%
1986 IND Herb Williams 2841 C
78%
1995 CLE Hot Rod Williams 2090 PF
78%
2003 CHI Jalen Rose 3052 SF
78%
2001 IND Jalen Rose 2934 SF
78%
2000 IND Jalen Rose 3380 SF
78%
2005 NJN Jason Kidd 2834 PG
78%
2004 NJN Jason Kidd 3277 PG
78%
2003 NJN Jason Kidd 4547 PG
78%
2002 NJN Jason Kidd 4575 PG
78%
2001 PHO Jason Kidd 3683 PG
78%
2000 PHO Jason Kidd 3177 PG
78%
1999 PHO Jason Kidd 2516 PG
78%
1998 PHO Jason Kidd 3302 PG
78%
1996 DAL Jason Kidd 3668 PG
78%
1977 BOS Jo Jo White 3483 PG
78%
1984 PHI Julius Erving 3344 SF
78%
1982 PHI Julius Erving 4360 SF
78%
1981 PHI Julius Erving 4371 SF
78%
1980 PHI Julius Erving 4503 SF
78%
1979 PHI Julius Erving 3754 SF
78%
1977 PHI Julius Erving 4223 SF
78%
2003 DEN Juwan Howard 2575 PF
78%
1996 WSB Juwan Howard 3275 PF
78%
1981 LAL Kareem Abdul-Jabbar 3912 C
78%
1980 LAL Kareem Abdul-Jabbar 4850 C
78%
1979 LAL Kareem Abdul-Jabbar 4628 C
78%
1978 LAL Kareem Abdul-Jabbar 3385 C
78%
1977 LAL Kareem Abdul-Jabbar 4965 C
78%
1976 LAL Kareem Abdul-Jabbar 4941 C
78%
1975 MIL Kareem Abdul-Jabbar 3666 C
78%
1974 MIL Kareem Abdul-Jabbar 5519 C
78%
1973 MIL Kareem Abdul-Jabbar 4542 C
78%
1972 MIL Kareem Abdul-Jabbar 5536 C
78%
1971 MIL Kareem Abdul-Jabbar 5131 C
78%
1970 MIL Kareem Abdul-Jabbar 4827 C
78%
2020 TOR Kyle Lowry 2814 PG
78%
2016 TOR Kyle Lowry 3928 PG
78%
2015 TOR Kyle Lowry 2754 PG
78%
2014 TOR Kyle Lowry 3347 PG
78%
2023 UTA Lauri Markkanen 2587 PF
78%
2019 LAC Lou Williams 2837 SG
78%
2018 LAC Lou Williams 2918 SG
78%
2018 MEM Marc Gasol 2615 C
78%
2017 MEM Marc Gasol 2963 C
78%
2015 MEM Marc Gasol 3315 C
78%
2012 MEM Marc Gasol 2334 C
78%
2014 PHI Michael Carter-Williams 2659 PG
78%
1993 MIN Micheal Williams 2934 PG
78%
1992 IND Micheal Williams 3134 PG
78%
2006 TOR Mike James 2861 PG
78%
1992 MIL Moses Malone 2347 C
78%
1988 WSB Moses Malone 3016 C
78%
1987 WSB Moses Malone 3088 C
78%
1985 PHI Moses Malone 3909 C
78%
1983 PHI Moses Malone 4178 C
78%
1982 HOU Moses Malone 4340 C
78%
1981 HOU Moses Malone 4901 C
78%
1980 HOU Moses Malone 4102 C
78%
1979 HOU Moses Malone 4070 C
78%
2007 MIL Mo Williams 2426 PG
78%
1984 POR Mychal Thompson 2864 C
78%
1983 POR Mychal Thompson 3203 PF
78%
1982 POR Mychal Thompson 3377 C
78%
1981 POR Mychal Thompson 2949 C
78%
1974 PHO Neal Walk 3010 C
78%
1997 NYK Patrick Ewing 3512 C
78%
1996 NYK Patrick Ewing 3402 C
78%
1995 NYK Patrick Ewing 3804 C
78%
1994 NYK Patrick Ewing 4567 C
78%
1993 NYK Patrick Ewing 4142 C
78%
1992 NYK Patrick Ewing 4033 C
78%
1991 NYK Patrick Ewing 3983 C
78%
1990 NYK Patrick Ewing 4503 C
78%
1989 NYK Patrick Ewing 3665 C
78%
2016 CHI Pau Gasol 2756 C
78%
2015 CHI Pau Gasol 3283 PF
78%
2014 LAL Pau Gasol 2142 C
78%
2007 MEM Pau Gasol 2364 C
78%
2006 MEM Pau Gasol 3421 PF
78%
2005 MEM Pau Gasol 1951 PF
78%
2004 MEM Pau Gasol 2677 PF
78%
2003 MEM Pau Gasol 2915 PF
78%
2002 MEM Pau Gasol 2827 PF
78%
2004 SAC Peja Stojakovic 3295 SF
78%
1982 NJN Ray Williams 3295 SG
78%
1979 NYK Ray Williams 2847 PG
78%
1996 BOS Rick Fox 2479 SF
78%
1992 SEA Ricky Pierce 2771 SG
78%
2024 TOR Scottie Barnes 2574 SG
78%
1998 MIA Tim Hardaway 3542 PG
78%
1997 MIA Tim Hardaway 4124 PG
78%
1995 GSW Tim Hardaway 2693 PG
78%
1993 GSW Tim Hardaway 3208 PG
78%
1992 GSW Tim Hardaway 4178 PG
78%
1991 GSW Tim Hardaway 4522 PG
78%
2020 PHI Tobias Harris 2589 PF
78%
2024 PHI Tyrese Maxey 3375 PG
78%
2024 SAS Victor Wembanyama 3167 C
78%
2009 NJN Vince Carter 2944 SG
78%
2008 NJN Vince Carter 2979 SG
78%
2007 NJN Vince Carter 3956 SG
78%
2006 NJN Vince Carter 3741 SG
78%
2004 TOR Vince Carter 2843 SG
78%
2001 TOR Vince Carter 3821 SF
78%
2000 TOR Vince Carter 3550 SF
78%
1999 TOR Vince Carter 1626 SF
78%
1973 LAL Wilt Chamberlain 4020 C
78%
1971 LAL Wilt Chamberlain 4461 C
78%
1969 LAL Wilt Chamberlain 4894 C
78%
1968 PHI Wilt Chamberlain 6147 C
78%
1967 PHI Wilt Chamberlain 6206 C
78%
1966 PHI Wilt Chamberlain 5741 C
78%
1964 SFW Wilt Chamberlain 6337 C
78%
1963 SFW Wilt Chamberlain 6082 C
78%
1962 PHW Wilt Chamberlain 7278 C
78%
1961 PHW Wilt Chamberlain 5670 C
78%
1960 PHW Wilt Chamberlain 5553 C
78%
2021 CHI Zach LaVine 2517 SG
78%
2020 CHI Zach LaVine 2443 SF
78%
2019 CHI Zach LaVine 2438 SG
78%
2018 BOS Al Horford 2879 C
72%
2014 CHA Al Jefferson 2936 C
72%
2013 UTA Al Jefferson 2608 C
72%
2012 UTA Al Jefferson 2306 C
72%
2011 UTA Al Jefferson 2819 C
72%
2010 MIN Al Jefferson 2439 C
72%
2008 MIN Al Jefferson 3064 C
72%
2007 BOS Al Jefferson 2193 C
72%
2020 DET Andre Drummond 2100 C
72%
2018 DET Andre Drummond 3133 C
72%
2017 DET Andre Drummond 2613 C
72%
2016 DET Andre Drummond 2987 C
72%
2015 DET Andre Drummond 2570 C
72%
1998 POR Arvydas Sabonis 2579 C
72%
2009 POR Brandon Roy 3283 SG
72%
2008 POR Brandon Roy 2719 SG
72%
1996 PHO Charles Barkley 3358 PF
72%
1995 PHO Charles Barkley 3503 PF
72%
1993 PHO Charles Barkley 5067 PF
72%
1992 PHI Charles Barkley 3356 SF
72%
1991 PHI Charles Barkley 3637 SF
72%
1990 PHI Charles Barkley 4213 SF
72%
1989 PHI Charles Barkley 4021 PF
72%
1988 PHI Charles Barkley 3926 PF
72%
1987 PHI Charles Barkley 3665 PF
72%
1986 PHI Charles Barkley 4216 PF
72%
1990 GSW Chris Mullin 3225 SF
72%
1989 GSW Chris Mullin 4083 SF
72%
1988 GSW Chris Mullin 2143 SF
72%
2003 SAC Chris Webber 3460 PF
72%
2002 SAC Chris Webber 3291 PF
72%
2001 SAC Chris Webber 3819 PF
72%
2000 SAC Chris Webber 3801 PF
72%
1999 SAC Chris Webber 2054 PF
72%
1995 WSB Chris Webber 2283 PF
72%
2023 NOP CJ McCollum 2889 PG
72%
1986 WSB Cliff Robinson 2851 SF
72%
1984 CLE Cliff Robinson 2507 C
72%
1983 CLE Cliff Robinson 2652 PF
72%
2012 GSW David Lee 2092 PF
72%
2010 NYK David Lee 3304 C
72%
2009 NYK David Lee 2694 C
72%
1996 SAS David Robinson 4352 C
72%
1995 SAS David Robinson 4700 C
72%
1994 SAS David Robinson 4565 C
72%
1993 SAS David Robinson 4348 C
72%
1992 SAS David Robinson 3232 C
72%
1991 SAS David Robinson 4221 C
72%
1990 SAS David Robinson 4221 C
72%
1995 BOS Dee Brown 2385 SG
72%
1975 SEA Fred Brown 3077 SG
72%
2024 HOU Fred VanVleet 2886 PG
72%
2010 CHA Gerald Wallace 2805 SF
72%
1997 HOU Hakeem Olajuwon 4014 C
72%
1996 HOU Hakeem Olajuwon 3900 C
72%
1995 HOU Hakeem Olajuwon 4901 C
72%
1994 HOU Hakeem Olajuwon 5384 C
72%
1993 HOU Hakeem Olajuwon 4952 C
72%
1992 HOU Hakeem Olajuwon 3100 C
72%
1990 HOU Hakeem Olajuwon 4331 C
72%
1989 HOU Hakeem Olajuwon 4130 C
72%
1988 HOU Hakeem Olajuwon 3717 C
72%
1987 HOU Hakeem Olajuwon 3958 C
72%
2004 ATL Jason Terry 2709 PG
72%
2003 ATL Jason Terry 3014 PG
72%
2001 ATL Jason Terry 2810 SG
72%
2014 CHI Joakim Noah 3163 C
72%
2022 NOP Jonas Valanciunas 2914 C
72%
2024 WAS Kyle Kuzma 2695 PF
72%
2022 WAS Kyle Kuzma 2256 PF
72%
1998 DEN LaPhonso Ellis 2167 SF
72%
1994 CLE Mark Price 2919 PG
72%
1990 CLE Mark Price 3344 PG
72%
2008 MIL Michael Redd 2513 SG
72%
2006 MIL Michael Redd 3111 SG
72%
2005 MIL Michael Redd 2450 SG
72%
2004 MIL Michael Redd 2781 SG
72%
2019 MEM Mike Conley 2731 PG
72%
2013 MEM Mike Conley 3136 PG
72%
1998 SAC Mitch Richmond 2513 SG
72%
1997 SAC Mitch Richmond 3232 SG
72%
1996 SAC Mitch Richmond 2923 SG
72%
1995 SAC Mitch Richmond 2966 SG
72%
1994 SAC Mitch Richmond 2855 SG
72%
1992 SAC Mitch Richmond 3070 SG
72%
2021 ORL Nikola Vucevic 2001 C
72%
2020 ORL Nikola Vucevic 2675 C
72%
2019 ORL Nikola Vucevic 3542 C
72%
2018 ORL Nikola Vucevic 1962 C
72%
2016 ORL Nikola Vucevic 2238 C
72%
2015 ORL Nikola Vucevic 2640 C
72%
2013 ORL Nikola Vucevic 2351 C
72%
1970 CIN Oscar Robertson 3286 PG
72%
1969 CIN Oscar Robertson 4001 PG
72%
1967 CIN Oscar Robertson 4793 PG
72%
1966 CIN Oscar Robertson 4933 PG
72%
1965 CIN Oscar Robertson 4902 PG
72%
1964 CIN Oscar Robertson 5549 PG
72%
1963 CIN Oscar Robertson 5368 PG
72%
1962 CIN Oscar Robertson 5462 PG
72%
1961 CIN Oscar Robertson 4261 PG
72%
2024 ORL Paolo Banchero 3655 PF
72%
2023 ORL Paolo Banchero 2571 PF
72%
2016 ATL Paul Millsap 3284 PF
72%
2005 NOH P.J. Brown 2103 PF
72%
2003 POR Rasheed Wallace 2544 PF
72%
2002 POR Rasheed Wallace 2799 PF
72%
2001 POR Rasheed Wallace 2820 PF
72%
2009 MIL Richard Jefferson 2459 SF
72%
2000 POR Scottie Pippen 3035 SF
72%
1999 HOU Scottie Pippen 1944 SF
72%
1995 CHI Scottie Pippen 3874 SF
72%
1994 CHI Scottie Pippen 3725 SF
72%
2002 ATL Shareef Abdur-Rahim 2989 PF
72%
2000 VAN Shareef Abdur-Rahim 3206 SF
72%
1999 VAN Shareef Abdur-Rahim 1994 SF
72%
1998 VAN Shareef Abdur-Rahim 3001 SF
72%
1997 VAN Shareef Abdur-Rahim 2557 PF
72%
2000 CLE Shawn Kemp 2660 C
72%
1999 CLE Shawn Kemp 1545 PF
72%
1998 CLE Shawn Kemp 2949 PF
72%
1994 SEA Shawn Kemp 3183 PF
72%
1993 SEA Shawn Kemp 3466 PF
72%
1991 SEA Shawn Kemp 2502 PF
72%
2004 PHO Shawn Marion 2934 SF
72%
2005 ORL Steve Francis 3347 PG
72%
2004 HOU Steve Francis 3125 PG
72%
2003 HOU Steve Francis 3388 PG
72%
2002 HOU Steve Francis 2455 PG
72%
2001 HOU Steve Francis 3350 PG
72%
2000 HOU Steve Francis 2958 PG
72%
1994 DET Terry Mills 2533 PF
72%
1981 PHO Truck Robinson 3032 PF
72%
1978 NOJ Truck Robinson 3644 PF
72%
1975 NYK Walt Frazier 3436 PG
72%
1974 NYK Walt Frazier 3943 PG
72%
1973 NYK Walt Frazier 3849 PG
72%
1972 NYK Walt Frazier 3889 PG
72%
1971 NYK Walt Frazier 3801 PG
72%
1970 NYK Walt Frazier 4097 PG
72%
1986 UTA Adrian Dantley 3258 SF
67%
1984 UTA Adrian Dantley 4091 SF
67%
1982 UTA Adrian Dantley 3728 SF
67%
1981 UTA Adrian Dantley 3732 SF
67%
1980 UTA Adrian Dantley 2911 SF
67%
1986 DEN Alex English 3981 SF
67%
1985 DEN Alex English 4218 SF
67%
1984 DEN Alex English 3867 SF
67%
1983 DEN Alex English 4283 SF
67%
1982 DEN Alex English 3834 SF
67%
1981 DEN Alex English 3361 SF
67%
2003 NYK Allan Houston 2577 SG
67%
1999 NYK Allan Houston 1818 SG
67%
1998 NYK Allan Houston 2605 SG
67%
1985 PHO Alvan Adams 2579 PF
67%
1976 PHO Alvan Adams 4155 C
67%
1991 MIL Alvin Robertson 2834 SG
67%
1990 MIL Alvin Robertson 2990 SG
67%
1988 SAS Alvin Robertson 3687 SG
67%
1987 SAS Alvin Robertson 2996 SG
67%
1986 SAS Alvin Robertson 3232 SG
67%
2012 PHI Andre Iguodala 2329 SF
67%
2010 PHI Andre Iguodala 3070 SF
67%
2009 PHI Andre Iguodala 3305 SF
67%
2008 PHI Andre Iguodala 3260 SF
67%
2007 PHI Andre Iguodala 2869 SG
67%
1969 CHI Bob Boozer 2642 PF
67%
1968 CHI Bob Boozer 2815 PF
67%
2020 NOP Brandon Ingram 2474 PF
67%
2014 DET Brandon Jennings 2812 PG
67%
2012 MIL Brandon Jennings 2342 PG
67%
2010 MIL Brandon Jennings 2829 PG
67%
2013 CHI Carlos Boozer 2863 PF
67%
2012 CHI Carlos Boozer 2075 PF
67%
1989 SEA Dale Ellis 3300 SG
67%
2012 IND Danny Granger 2099 SF
67%
2011 IND Danny Granger 2779 SF
67%
2010 IND Danny Granger 2326 SF
67%
2009 IND Danny Granger 2601 SF
67%
1978 BOS Dave Cowens 3384 C
67%
1976 BOS Dave Cowens 4415 C
67%
1975 BOS Dave Cowens 3561 C
67%
1974 BOS Dave Cowens 4458 C
67%
1973 BOS Dave Cowens 4276 C
67%
2024 POR Deandre Ayton 1807 C
67%
1993 ATL Dominique Wilkins 3282 SF
67%
1991 ATL Dominique Wilkins 3727 SF
67%
1990 ATL Dominique Wilkins 3232 SF
67%
1989 ATL Dominique Wilkins 3452 SF
67%
1988 ATL Dominique Wilkins 4038 SF
67%
1987 ATL Dominique Wilkins 3863 SF
67%
1986 ATL Dominique Wilkins 3955 SF
67%
1985 ATL Dominique Wilkins 3363 SF
67%
1984 ATL Dominique Wilkins 2960 SF
67%
1977 NYK Earl Monroe 2602 SG
67%
1969 BAL Earl Monroe 3295 SG
67%
1968 BAL Earl Monroe 3154 SG
67%
2007 LAC Elton Brand 3112 PF
67%
2006 LAC Elton Brand 4007 PF
67%
2005 LAC Elton Brand 3039 PF
67%
2004 LAC Elton Brand 2765 PF
67%
2002 LAC Elton Brand 3003 PF
67%
2001 CHI Elton Brand 2905 PF
67%
2000 CHI Elton Brand 2945 PF
67%
1980 WSB Elvin Hayes 3342 PF
67%
1979 WSB Elvin Hayes 4172 PF
67%
1978 WSB Elvin Hayes 4132 PF
67%
1977 WSB Elvin Hayes 3971 PF
67%
1976 WSB Elvin Hayes 3292 PF
67%
1975 WSB Elvin Hayes 4407 PF
67%
1974 CAP Elvin Hayes 4204 PF
67%
1973 BAL Elvin Hayes 3344 PF
67%
1972 HOU Elvin Hayes 3800 C
67%
1971 SDR Elvin Hayes 4084 C
67%
1970 SDR Elvin Hayes 3966 C
67%
1969 SDR Elvin Hayes 4207 C
67%
2007 WAS Gilbert Arenas 3481 PG
67%
2006 WAS Gilbert Arenas 4098 PG
67%
2005 WAS Gilbert Arenas 3839 PG
67%
2004 WAS Gilbert Arenas 1997 PG
67%
2003 GSW Gilbert Arenas 3052 PG
67%
1998 CHH Glen Rice 2932 SF
67%
1995 MIA Glen Rice 2719 SF
67%
1994 MIA Glen Rice 2786 SF
67%
1993 MIA Glen Rice 2455 SF
67%
1992 MIA Glen Rice 2731 SF
67%
2013 DET Greg Monroe 2797 C
67%
2012 DET Greg Monroe 2085 C
67%
2017 IND Jeff Teague 3132 PG
67%
2015 ATL Jeff Teague 3093 PG
67%
2014 ATL Jeff Teague 2916 PG
67%
2021 DET Jerami Grant 1852 SF
67%
1991 DET Joe Dumars 3298 SG
67%
2019 NOP Jrue Holiday 2953 SG
67%
2013 PHI Jrue Holiday 3117 PG
67%
2011 PHI Jrue Holiday 2846 PG
67%
2022 POR Jusuf Nurkic 1871 C
67%
1997 POR Kenny Anderson 3275 PG
67%
1995 NJN Kenny Anderson 2994 PG
67%
1994 NJN Kenny Anderson 3739 PG
67%
2011 HOU Kevin Martin 2625 SG
67%
2023 WAS Kristaps Porzingis 2557 C
67%
2018 SAS LaMarcus Aldridge 3000 C
67%
2012 POR LaMarcus Aldridge 1997 PF
67%
2011 POR LaMarcus Aldridge 3198 PF
67%
2010 POR LaMarcus Aldridge 2649 PF
67%
2002 NYK Latrell Sprewell 2607 SF
67%
2001 NYK Latrell Sprewell 2530 SF
67%
2000 NYK Latrell Sprewell 3176 SF
67%
1997 GSW Latrell Sprewell 3495 SG
67%
1996 GSW Latrell Sprewell 2681 SG
67%
1994 GSW Latrell Sprewell 3271 SG
67%
1973 CLE Lenny Wilkens 3140 PG
67%
1972 SEA Lenny Wilkens 3308 PG
67%
1971 SEA Lenny Wilkens 3030 PG
67%
1969 SEA Lenny Wilkens 3694 PG
67%
1968 STL Lenny Wilkens 3676 PG
67%
1992 WSB Michael Adams 3060 PG
67%
1991 DEN Michael Adams 3547 PG
67%
2015 DAL Monta Ellis 2745 SG
67%
2014 DAL Monta Ellis 3171 SG
67%
2013 MIL Monta Ellis 3215 SG
67%
2011 GSW Monta Ellis 3301 SG
67%
2003 DET Richard Hamilton 2976 SG
67%
2001 WAS Richard Hamilton 2182 SF
67%
2022 DET Saddiq Bey 2317 SF
67%
2005 NYK Stephon Marbury 3493 PG
67%
2004 NYK Stephon Marbury 2183 PG
67%
2003 PHO Stephon Marbury 3736 PG
67%
2002 PHO Stephon Marbury 3362 PG
67%
2001 NJN Stephon Marbury 2899 PG
67%
2000 NJN Stephon Marbury 3251 PG
67%
2018 IND Victor Oladipo 3326 SG
67%
2014 ORL Victor Oladipo 2255 PG
67%
1989 SAS Willie Anderson 2881 SF
67%
2016 MEM Zach Randolph 2011 PF
67%
2014 MEM Zach Randolph 2839 PF
67%
2011 MEM Zach Randolph 3348 PF
67%
2010 MEM Zach Randolph 3043 PF
67%
2007 POR Zach Randolph 2658 PF
67%
2006 POR Zach Randolph 2284 PF
67%
2004 POR Zach Randolph 2912 PF
67%
2000 MIA Alonzo Mourning 3430 C
61%
1999 MIA Alonzo Mourning 1972 C
61%
1996 MIA Alonzo Mourning 3012 C
61%
2015 MIN Andrew Wiggins 2237 SF
61%
2012 CLE Antawn Jamison 1882 PF
61%
2009 WAS Antawn Jamison 2948 PF
61%
2008 WAS Antawn Jamison 3076 PF
61%
2002 GSW Antawn Jamison 2612 SF
61%
2001 GSW Antawn Jamison 3229 SF
61%
1978 POR Bill Walton 2714 C
61%
1978 NYK Bob McAdoo 4200 C
61%
1976 BUF Bob McAdoo 4738 C
61%
1975 BUF Bob McAdoo 5011 C
61%
1974 BUF Bob McAdoo 4361 C
61%
1993 CLE Brad Daugherty 3239 C
61%
1992 CLE Brad Daugherty 3677 C
61%
1991 CLE Brad Daugherty 3101 C
61%
1988 CLE Brad Daugherty 3081 C
61%
2024 UTA Collin Sexton 2509 SG
61%
2021 CLE Collin Sexton 2243 SG
61%
2020 CLE Collin Sexton 2009 PG
61%
2019 CLE Collin Sexton 2143 PG
61%
1997 DAL Derek Harper 1636 PG
61%
1993 DAL Derek Harper 2013 SG
61%
1992 DAL Derek Harper 2186 PG
61%
1991 DAL Derek Harper 3009 PG
61%
1990 DAL Derek Harper 3264 PG
61%
1989 DAL Derek Harper 2985 PG
61%
1988 DAL Derek Harper 3662 PG
61%
1968 LAL Elgin Baylor 4419 SF
61%
1967 LAL Elgin Baylor 3318 SF
61%
1964 LAL Elgin Baylor 3848 SF
61%
1963 LAL Elgin Baylor 5354 SF
61%
1961 LAL Elgin Baylor 5477 SF
61%
1960 MNL Elgin Baylor 4200 SF
61%
1959 MNL Elgin Baylor 3939 SF
61%
1954 MNL George Mikan 3155 C
61%
1953 MNL George Mikan 3320 C
61%
1952 MNL George Mikan 3363 C
61%
1951 MNL George Mikan 3566 C
61%
1950 MNL George Mikan 2707 C
61%
1949 MNL George Mikan 2479 C
61%
1987 NYK Gerald Wilkins 2635 SG
61%
2000 DET Grant Hill 3364 SF
61%
1999 DET Grant Hill 2334 SF
61%
1998 DET Grant Hill 3633 SF
61%
1997 DET Grant Hill 4004 SF
61%
1996 DET Grant Hill 3749 SF
61%
1995 DET Grant Hill 2731 SF
61%
1965 PHI Hal Greer 2856 SG
61%
1964 PHI Hal Greer 3292 SG
61%
2008 CHA Jason Richardson 2918 SF
61%
2006 GSW Jason Richardson 2777 SG
61%
2005 GSW Jason Richardson 2682 SG
61%
2004 GSW Jason Richardson 2564 SG
61%
2002 DET Jerry Stackhouse 3181 SF
61%
2001 DET Jerry Stackhouse 3666 SG
61%
1972 BOS John Havlicek 4685 SF
61%
1971 BOS John Havlicek 4282 SF
61%
1970 BOS John Havlicek 3695 SG
61%
1969 BOS John Havlicek 4060 SG
61%
2019 MIA Josh Richardson 2181 SG
61%
1981 WSB Kevin Porter 2798 PG
61%
1979 DET Kevin Porter 3830 PG
61%
1985 NJN Micheal Ray Richardson 3854 PG
61%
1982 NYK Micheal Ray Richardson 3432 PG
61%
1981 NYK Micheal Ray Richardson 3430 SG
61%
1980 NYK Micheal Ray Richardson 3757 SG
61%
2007 SAC Mike Bibby 2536 PG
61%
2006 SAC Mike Bibby 3142 PG
61%
2005 SAC Mike Bibby 3334 PG
61%
2001 VAN Mike Bibby 3094 PG
61%
1977 NOJ Pete Maravich 3537 SG
61%
1976 NOJ Pete Maravich 2678 SG
61%
1975 NOJ Pete Maravich 3236 SG
61%
1974 ATL Pete Maravich 3397 SG
61%
1973 ATL Pete Maravich 3767 SG
61%
1992 MIN Pooh Richardson 3165 PG
61%
1991 MIN Pooh Richardson 3299 PG
61%
2004 SEA Rashard Lewis 2442 SF
61%
1993 BOS Reggie Lewis 2826 SG
61%
1992 BOS Reggie Lewis 3130 SG
61%
1978 GSW Rick Barry 3442 SF
61%
1977 GSW Rick Barry 3786 SF
61%
1976 GSW Rick Barry 4034 SF
61%
1975 GSW Rick Barry 4995 SF
61%
1974 GSW Rick Barry 3726 SF
61%
1967 SFW Rick Barry 4803 SF
61%
1989 BOS Robert Parish 3118 C
61%
1994 LAC Ron Harper 2854 SG
61%
1992 LAC Ron Harper 3177 SG
61%
1989 CLE Ron Harper 3236 SG
61%
1987 CLE Ron Harper 3347 SG
61%
2003 MIL Sam Cassell 3038 PG
61%
2002 MIL Sam Cassell 2861 PG
61%
2000 MIL Sam Cassell 3565 PG
61%
1998 NJN Sam Cassell 3066 PG
61%
1993 POR Terry Porter 2847 PG
61%
2023 CHO Terry Rozier 2316 SG
61%
2021 CHO Terry Rozier 2446 SG
61%
1985 SEA Tom Chambers 2863 PF
61%
1994 LAL Vlade Divac 2792 C
61%
1980 SDC World B. Free 2972 SG
61%
1979 SDC World B. Free 3371 PG
61%
2010 HOU Aaron Brooks 2770 PG
56%
2011 MIL Andrew Bogut 2027 C
56%
1982 CHI Artis Gilmore 2893 C
56%
1981 CHI Artis Gilmore 3108 C
56%
1979 CHI Artis Gilmore 3737 C
56%
1978 CHI Artis Gilmore 3699 C
56%
1977 CHI Artis Gilmore 3360 C
56%
1991 WSB Bernard King 2792 SF
56%
1990 WSB Bernard King 3051 SF
56%
1989 WSB Bernard King 2723 SF
56%
1985 NYK Bernard King 2620 SF
56%
1984 NYK Bernard King 3424 SF
56%
1983 NYK Bernard King 2498 SF
56%
1982 GSW Bernard King 2967 SF
56%
1981 GSW Bernard King 3002 SF
56%
1979 NJN Bernard King 3266 SF
56%
1978 NJN Bernard King 3204 SF
56%
1978 DET Bob Lanier 2864 C
56%
1977 DET Bob Lanier 3141 C
56%
1976 DET Bob Lanier 3149 C
56%
1975 DET Bob Lanier 3831 C
56%
1974 DET Bob Lanier 4290 C
56%
1973 DET Bob Lanier 3652 C
56%
1972 DET Bob Lanier 3684 C
56%
2020 SAC Buddy Hield 2219 SG
56%
1976 HOU Calvin Murphy 3280 PG
56%
2022 HOU Christian Wood 2333 C
56%
1980 DEN Dan Issel 3208 C
56%
1971 DET Dave Bing 3393 PG
56%
1970 DET Dave Bing 2739 PG
56%
1969 DET Dave Bing 3274 PG
56%
1968 DET Dave Bing 3784 PG
56%
2018 ATL Dennis Schroder 2421 PG
56%
2017 ATL Dennis Schroder 3010 PG
56%
2017 PHO Eric Bledsoe 2668 PG
56%
2015 PHO Eric Bledsoe 2958 PG
56%
2004 PHI Eric Snow 2354 PG
56%
1990 DEN Fat Lever 3527 SG
56%
1989 DEN Fat Lever 3481 SG
56%
1988 DEN Fat Lever 4032 SG
56%
1987 DEN Fat Lever 3939 PG
56%
1975 LAL Gail Goodrich 2797 SG
56%
1974 LAL Gail Goodrich 3500 SG
56%
1969 PHO Gail Goodrich 3404 PG
56%
1984 SAS George Gervin 2846 SG
56%
1982 SAS George Gervin 3866 SG
56%
1981 SAS George Gervin 3593 SG
56%
1980 SAS George Gervin 3733 SG
56%
1979 SAS George Gervin 4024 SF
56%
1978 SAS George Gervin 3795 SG
56%
2017 MIA Hassan Whiteside 2729 C
56%
1988 MIL Jack Sikma 2981 PF
56%
1986 SEA Jack Sikma 2886 C
56%
1981 SEA Jack Sikma 3049 C
56%
1979 SEA Jack Sikma 3542 C
56%
1971 SFW Jerry Lucas 3557 PF
56%
1968 CIN Jerry Lucas 3822 PF
56%
1980 GSW John Lucas 2575 PG
56%
1979 GSW John Lucas 3256 PG
56%
1978 HOU John Lucas 2977 PG
56%
2008 CHI Kirk Hinrich 2116 PG
56%
2007 CHI Kirk Hinrich 3049 PG
56%
2006 CHI Kirk Hinrich 2960 PG
56%
2005 CHI Kirk Hinrich 2876 PG
56%
2004 MIA Lamar Odom 3383 PF
56%
2001 LAC Lamar Odom 2876 PF
56%
2000 LAC Lamar Odom 2674 SF
56%
1987 DAL Mark Aguirre 3238 SF
56%
1986 DAL Mark Aguirre 3304 SF
56%
1985 DAL Mark Aguirre 3295 SF
56%
1984 DAL Mark Aguirre 3987 SF
56%
1983 DAL Mark Aguirre 3257 SF
56%
1977 POR Maurice Lucas 3895 PF
56%
1982 SDC Michael Brooks 2524 SF
56%
1963 NYK Richie Guerin 2728 SG
56%
1962 NYK Richie Guerin 3882 SG
56%
1961 NYK Richie Guerin 3354 SG
56%
1960 NYK Richie Guerin 3056 SG
56%
1959 NYK Richie Guerin 2615 SG
56%
2008 MEM Rudy Gay 2637 SF
56%
1987 GSW Sleepy Floyd 4137 PG
56%
1986 GSW Sleepy Floyd 3372 PG
56%
1989 MIL Terry Cummings 3167 SF
56%
1987 MIL Terry Cummings 3518 PF
56%
1985 MIL Terry Cummings 3566 PF
56%
1983 SDC Terry Cummings 2949 PF
56%
2010 SAC Tyreke Evans 2793 SG
56%
1997 MIL Vin Baker 3056 PF
56%
1996 MIL Vin Baker 3120 PF
56%
1995 MIL Vin Baker 3091 PF
56%
1971 BAL Wes Unseld 3601 C
56%
1970 BAL Wes Unseld 3563 C
56%
1969 NYK Willis Reed 3740 C
56%
1968 NYK Willis Reed 3288 PF
56%
1967 NYK Willis Reed 3195 PF
56%
1965 NYK Willis Reed 3001 C
56%
1972 BAL Archie Clark 3664 PG
50%
1977 IND Billy Knight 3313 SF
50%
2016 PHO Brandon Knight 1827 SG
50%
2014 MIL Brandon Knight 2336 PG
50%
2006 CHA Brevin Knight 2475 PG
50%
1975 PHO Charlie Scott 2710 PG
50%
1973 PHO Charlie Scott 3380 PG
50%
2020 CHO Devonte' Graham 2376 PG
50%
1961 SYR Dolph Schayes 3718 PF
50%
1960 SYR Dolph Schayes 3312 PF
50%
1959 SYR Dolph Schayes 3305 PF
50%
1958 SYR Dolph Schayes 3398 PF
50%
1957 SYR Dolph Schayes 3308 PF
50%
1956 SYR Dolph Schayes 3105 PF
50%
1955 SYR Dolph Schayes 3076 PF
50%
1954 SYR Dolph Schayes 2918 C
50%
1953 SYR Dolph Schayes 2673 PF
50%
1952 SYR Dolph Schayes 2267 PF
50%
1951 SYR Dolph Schayes 2988
50%
1950 SYR Dolph Schayes 1834
50%
2018 MIA Goran Dragic 2552 PG
50%
2014 PHO Goran Dragic 2807 SG
50%
2013 PHO Goran Dragic 2660 PG
50%
2023 DET Jaden Ivey 2344 SG
50%
2003 NOH Jamal Mashburn 3454 SF
50%
2001 CHH Jamal Mashburn 3464 SF
50%
1995 DAL Jamal Mashburn 2943 SF
50%
2015 LAL Jeremy Lin 1820 PG
50%
1999 NJN Keith Van Horn 1500 PF
50%
2006 UTA Mehmet Okur 2719 PF
50%
2005 UTA Mehmet Okur 2102 C
50%
2000 DAL Michael Finley 3390 SF
50%
1999 DAL Michael Finley 1789 SF
50%
1998 DAL Michael Finley 3173 SF
50%
1973 GSW Nate Thurmond 3643 C
50%
1972 GSW Nate Thurmond 3653 C
50%
1969 SFW Nate Thurmond 3705 C
50%
1965 SFW Nate Thurmond 2982 PF
50%
2011 DEN Nene 2258 C
50%
2023 BRK Nic Claxton 2299 C
50%
2002 DEN Nick Van Exel 1901 PG
50%
2001 DEN Nick Van Exel 2779 PG
50%
2000 DEN Nick Van Exel 3093 PG
50%
1997 LAL Nick Van Exel 3148 PG
50%
1995 LAL Nick Van Exel 3402 PG
50%
1959 PHW Paul Arizin 2726 SF
50%
1952 PHW Paul Arizin 2890 SF
50%
1951 PHW Paul Arizin 2104 SF
50%
1986 HOU Ralph Sampson 4003 PF
50%
1985 HOU Ralph Sampson 3572 PF
50%
1984 HOU Ralph Sampson 3226 C
50%
2009 CHA Raymond Felton 2734 PG
50%
2007 CHA Raymond Felton 2578 PG
50%
1966 DET Ray Scott 2642 PF
50%
1964 DET Ray Scott 2972 PF
50%
1992 ORL Scott Skiles 2426 PG
50%
1991 ORL Scott Skiles 3040 PG
50%
1984 MIL Sidney Moncrief 3622 SG
50%
1982 MIL Sidney Moncrief 3220 SG
50%
1976 KCK Tiny Archibald 3519 PG
50%
1975 KCO Tiny Archibald 3832 PG
50%
1973 KCO Tiny Archibald 4762 PG
50%
1972 CIN Tiny Archibald 3769 PG
50%
2015 DEN Ty Lawson 2918 PG
50%
2014 DEN Ty Lawson 2501 PG
50%
2013 DEN Ty Lawson 2785 PG
50%
2012 DEN Ty Lawson 2359 PG
50%
2001 MIA Anthony Mason 2695 PF
44%
1997 CHH Anthony Mason 3047 PF
44%
1996 LAL Cedric Ceballos 2670 SF
44%
1971 PHO Connie Hawkins 2768 SF
44%
1970 PHO Connie Hawkins 3980 SF
44%
2008 LAC Corey Maggette 2397 SF
44%
1985 UTA Darrell Griffith 3028 SG
44%
1993 NJN Derrick Coleman 3460 PF
44%
1991 NJN Derrick Coleman 2619 PF
44%
1993 IND Detlef Schrempf 3601 PF
44%
2011 CHA D.J. Augustin 2456 PG
44%
1979 DEN George McGinnis 3326 PF
44%
1978 PHI George McGinnis 3450 PF
44%
1976 PHI George McGinnis 3832 PF
44%
1958 DET George Yardley 3233 SF
44%
1957 FTW George Yardley 2688 SF
44%
1956 FTW George Yardley 2658 SF
44%
1955 ROC Jack Coleman 2185 PF
44%
1953 ROC Jack Coleman 2075 PF
44%
2008 NYK Jamal Crawford 2746 SG
44%
2006 NYK Jamal Crawford 2080 SG
44%
2004 CHI Jamal Crawford 2616 SG
44%
1993 PHI Jeff Hornacek 3101 PG
44%
1988 PHO Jeff Hornacek 2240 SG
44%
1999 GSW John Starks 1397 SG
44%
2012 TOR Jose Calderon 1701 PG
44%
2011 TOR Jose Calderon 2169 PG
44%
1992 ATL Kevin Willis 3210 PF
44%
1986 PHO Larry Nance 2772 PF
44%
1983 PHO Larry Nance 2866 PF
44%
1994 CHH Muggsy Bogues 2843 PG
44%
1991 CHH Muggsy Bogues 2262 PG
44%
1990 CHH Muggsy Bogues 2873 PG
44%
2013 DAL O.J. Mayo 2384 SG
44%
2009 MEM O.J. Mayo 2452 SG
44%
1980 PHO Paul Westphal 3218 SG
44%
1979 PHO Paul Westphal 3812 SG
44%
1978 PHO Paul Westphal 3318 SG
44%
1977 PHO Paul Westphal 2989 PG
44%
2020 BRK Spencer Dinwiddie 2464 PG
44%
2018 BRK Spencer Dinwiddie 2405 PG
44%
1976 NYK Spencer Haywood 2744 PF
44%
1974 SEA Spencer Haywood 3419 PF
44%
1973 SEA Spencer Haywood 3638 PF
44%
1972 ATL Walt Bellamy 3314 C
44%
1966 NYK Walt Bellamy 3254 C
44%
1965 BAL Walt Bellamy 3957 C
44%
1964 BAL Walt Bellamy 3772 C
44%
1963 CHZ Walt Bellamy 4008 C
44%
1962 CHP Walt Bellamy 4415 C
44%
1976 MIL Bob Dandridge 2780 SF
39%
1989 IND Chuck Person 2923 SF
39%
1987 IND Chuck Person 3102 SF
39%
2000 ORL Darrell Armstrong 2780 PG
39%
2015 BOS Evan Turner 2308 SG
39%
2013 NOH Greivis Vasquez 2900 PG
39%
2012 NOH Greivis Vasquez 1548 PG
39%
2021 HOU Jae'Sean Tate 1645 SF
39%
1976 CLE Jim Brewer 2785 PF
39%
1971 ATL Lou Hudson 3131 SF
39%
1969 ATL Lou Hudson 3100 SF
39%
2000 GSW Mookie Blaylock 2238 PG
39%
1999 ATL Mookie Blaylock 1769 PG
39%
1997 ATL Mookie Blaylock 3312 PG
39%
1996 ATL Mookie Blaylock 3157 PG
39%
1995 ATL Mookie Blaylock 3329 PG
39%
1994 ATL Mookie Blaylock 3799 PG
39%
1958 PHW Neil Johnston 2694 C
39%
1957 PHW Neil Johnston 2927 C
39%
1956 PHW Neil Johnston 3317 C
39%
1955 PHW Neil Johnston 3146 C
39%
1954 PHW Neil Johnston 2962 C
39%
1953 PHW Neil Johnston 2934 C
39%
2016 PHI Nerlens Noel 1751 C
39%
2015 PHI Nerlens Noel 1886 C
39%
1985 GSW Purvis Short 3195 SF
39%
1997 MIN Tom Gugliotta 3369 PF
39%
1996 MIN Tom Gugliotta 2662 PF
39%
1994 WSB Tom Gugliotta 2836 PF
39%
1993 WSB Tom Gugliotta 2749 PF
39%
1999 CHI Toni Kukoc 1668 SF
39%
1999 DEN Antonio McDyess 1950 C
33%
1997 DEN Antonio McDyess 2289 PF
33%
2018 CHI Bobby Portis 1781 PF
33%
1990 NJN Chris Morris 2104 SF
33%
1995 MIN Christian Laettner 2591 C
33%
1994 MIN Christian Laettner 2562 PF
33%
1967 DET Dave DeBusschere 2779 SF
33%
1965 DET Dave DeBusschere 2702 PF
33%
2005 CHA Emeka Okafor 2215 PF
33%
2020 GSW Eric Paschall 1411 PF
33%
1949 PHW Joe Fulks 1708 PF
33%
1948 PHW Joe Fulks 1289 PF
33%
1947 PHW Joe Fulks 1667 PF
33%
1978 ATL John Drew 2637 SF
33%
1977 ATL John Drew 2862 SF
33%
1976 ATL John Drew 2788 SF
33%
1975 ATL John Drew 2712 PF
33%
1983 KCK Larry Drew 3073 PG
33%
2012 HOU Luis Scola 1792 PF
33%
1950 SHE Max Morris 1240
33%
1985 LAC Norm Nixon 3134 PG
33%
1984 SDC Norm Nixon 3520 PG
33%
1988 SAC Otis Thorpe 3191 PF
33%
1980 KCK Phil Ford 2975 PG
33%
1979 KCK Phil Ford 3105 PG
33%
1990 ORL Reggie Theus 2545 SG
33%
1987 SAC Reggie Theus 3344 PG
33%
1986 SAC Reggie Theus 3611 SG
33%
1985 KCK Reggie Theus 3036 SG
33%
1983 CHI Reggie Theus 3381 PG
33%
1980 CHI Reggie Theus 3153 SG
33%
2011 DET Rodney Stuckey 2106 PG
33%
2010 DET Rodney Stuckey 2305 PG
33%
2009 DET Rodney Stuckey 2307 PG
33%
2000 WAS Rod Strickland 2278 PG
33%
1999 WAS Rod Strickland 1851 PG
33%
1998 WAS Rod Strickland 3507 PG
33%
1997 WSB Rod Strickland 3486 PG
33%
1996 POR Rod Strickland 3169 PG
33%
1995 POR Rod Strickland 2945 PG
33%
1994 POR Rod Strickland 3626 PG
33%
1977 HOU Rudy Tomjanovich 3231 PF
33%
1975 HOU Rudy Tomjanovich 3161 PF
33%
1974 HOU Rudy Tomjanovich 3333 SF
33%
1973 HOU Rudy Tomjanovich 2854 PF
33%
1997 CLE Terrell Brandon 2968 PG
33%
1996 CLE Terrell Brandon 2956 PG
33%
1958 MNL Vern Mikkelsen 2385 PF
33%
1955 MNL Vern Mikkelsen 2539 PF
33%
2018 SAC Willie Cauley-Stein 1930 C
33%
1979 BOS Cedric Maxwell 2937 SF
28%
1999 CHH David Wesley 1621 PG
28%
1992 NJN Drazen Petrovic 2707 SG
28%
1951 BOS Ed Macauley 2582
28%
1950 STB Ed Macauley 1481
28%
2019 NYK Emmanuel Mudiay 1587 PG
28%
1960 CIN Jack Twyman 3522 SF
28%
1959 CIN Jack Twyman 2928 SF
28%
1970 SFW Jeff Mullins 2734 SG
28%
1980 DET John Long 2241 SG
28%
1989 CHH Kelly Tripucka 2425 SF
28%
1982 DET Kelly Tripucka 2860 SF
28%
1997 NJN Kendall Gill 3140 SF
28%
2008 IND Mike Dunleavy Jr. 2682 SG
28%
1976 POR Sidney Wicks 2835 PF
28%
1975 POR Sidney Wicks 3417 PF
28%
1974 POR Sidney Wicks 3173 PF
28%
1973 POR Sidney Wicks 3656 PF
28%
1972 POR Sidney Wicks 3652 PF
28%
2017 PHI T.J. McConnell 2019 PG
28%
1971 CLE Walt Wesley 2334 C
28%
2016 DEN Will Barton 2170 SG
28%
1990 SEA Xavier McDaniel 2369 SF
28%
1988 SEA Xavier McDaniel 3069 SF
28%
1987 SEA Xavier McDaniel 3691 SF
28%
1985 IND Clark Kellogg 2756 PF
22%
1984 IND Clark Kellogg 2842 PF
22%
1983 IND Clark Kellogg 3115 PF
22%
1957 MNL Clyde Lovellette 2834 C
22%
1956 MNL Clyde Lovellette 2940 C
22%
1995 PHI Dana Barros 3351 PG
22%
1998 TOR Doug Christie 2502 SG
22%
2018 NYK Enes Freedom 2063 C
22%
1960 DET Gene Shue 2783 PG
22%
1959 DET Gene Shue 2180 PG
22%
1967 CHI Guy Rodgers 3697 PG
22%
1966 SFW Guy Rodgers 3581 SG
22%
1984 GSW Joe Barry Carroll 2916 C
22%
1983 GSW Joe Barry Carroll 3196 C
22%
1976 CHI Norm Van Lier 2543 PG
22%
1975 CHI Norm Van Lier 2747 PG
22%
1974 CHI Norm Van Lier 3162 PG
22%
1971 CIN Norm Van Lier 3562 SG
22%
1986 CHI Orlando Woolridge 2409 SF
22%
1986 MIL Paul Pressey 3566 SF
22%
2009 MIN Randy Foye 2057 SG
22%
1963 SYR Red Kerr 2883 C
22%
1962 SYR Red Kerr 3154 C
22%
2009 SAC Spencer Hawes 1860 C
22%
1981 SDC Swen Nater 2788 C
22%
2005 ATL Al Harrington 2136 SF
17%
2010 WAS Andray Blatche 2148 PF
17%
1977 MIL Brian Winters 2557 SG
17%
1950 NYK Carl Braun 1648
17%
1949 NYK Carl Braun 1310
17%
1948 NYK Carl Braun 827
17%
1983 ATL Dan Roundfield 3092 PF
17%
1982 ATL Dan Roundfield 2410 PF
17%
1980 ATL Dan Roundfield 2957 PF
17%
1979 ATL Dan Roundfield 2959 PF
17%
1998 GSW Donyell Marshall 2237 SF
17%
1984 WSB Jeff Ruland 3533 C
17%
1983 WSB Jeff Ruland 3026 C
17%
1985 SAS Johnny Moore 3495 PG
17%
1983 SAS Johnny Moore 3597 PG
17%
1969 MIL Jon McGlocklin 2537 SG
17%
1980 POR Kermit Washington 2532 PF
17%
2013 MIN Luke Ridnour 1864 SG
17%
1949 CHS Max Zaslofsky 1551 SG
17%
1948 CHS Max Zaslofsky 1162 SG
17%
1947 CHS Max Zaslofsky 1114 SG
17%
1950 CHS Andy Phillip 1560
11%
1954 ROC Arnie Risen 2068 C
11%
1952 ROC Arnie Risen 2360 C
11%
1951 ROC Arnie Risen 2723 C
11%
1973 BUF Bob Kauffman 2997 SF
11%
1972 BUF Bob Kauffman 2838 PF
11%
1971 BUF Bob Kauffman 3136 C
11%
1996 PHI Clarence Weatherspoon 2589 SF
11%
1994 PHI Clarence Weatherspoon 2938 SF
11%
1971 POR Geoff Petrie 3091 SG
11%
1986 CLE John Bagley 2788 PG
11%
1985 CLE John Bagley 2780 PG
11%
1955 FTW Larry Foust 2456 C
11%
1954 FTW Larry Foust 2472 C
11%
1953 FTW Larry Foust 2305 C
11%
1952 FTW Larry Foust 2397 C
11%
1989 NJN Lester Conner 2592 PG
11%
1972 PHO Paul Silas 3044 PF
11%
2011 CLE Ramon Sessions 2236 PG
11%
1968 SFW Rudy LaRusso 3167 PF
11%
1974 KCO Sam Lacey 3082 C
11%
1993 LAL Sedale Threatt 2990 PG
11%
1992 LAL Sedale Threatt 2966 PG
11%
1977 SEA Slick Watts 2834 PG
11%
1976 SEA Slick Watts 3230 PG
11%
1990 MIN Tony Campbell 2922 SG
11%
1951 INO Alex Groza 2593
6%
1950 INO Alex Groza 1981
6%
1966 BAL Bailey Howell 2535 PF
6%
1963 DET Bailey Howell 3302 SF
6%
1962 DET Bailey Howell 3286 SF
6%
1961 DET Bailey Howell 3464 PF
6%
1970 SEA Bob Rule 3078 C
6%
1948 BOS Ed Sadowski 1131
6%
1982 WSB Greg Ballard 2995 SF
6%
1957 NYK Harry Gallatin 1974 PF
6%
1956 NYK Harry Gallatin 2078 SF
6%
1955 NYK Harry Gallatin 2513 PF
6%
1954 NYK Harry Gallatin 2480 PF
6%
1951 NYK Harry Gallatin 2385
6%
1982 DAL Jay Vincent 2760 PF
6%
1949 STB John Logan 1391
6%
1948 STB John Logan 840
6%
1947 STB John Logan 963
6%
1977 SAS Larry Kenon 3336 PF
6%
1978 SEA Marvin Webster 3619 C
6%
1958 CIN Maurice Stokes 3045 PF
6%
1957 ROC Maurice Stokes 3042 PF
6%
1956 ROC Maurice Stokes 2875 C
6%
1999 LAC Maurice Taylor 1194 PF
6%
1982 KCK Mike Woodson 2035 SG
6%
1953 NYK Nat Clifton 2317 PF
6%
1952 NYK Nat Clifton 2140 PF
6%
1990 SAC Rodney McCray 2911 SF
6%
1978 KCK Ron Boone 2455 SG
6%
1977 KCK Ron Boone 2953 SG
6%
1981 KCK Scott Wedman 3099 SF
6%
1994 BOS Sherman Douglas 2699 PG
6%
1991 MIA Sherman Douglas 2935 PG
6%
1990 MIA Sherman Douglas 2754 PG
6%
1979 POR Tom Owens 3048 C
6%
1968 SEA Walt Hazzard 3212 PG
6%
1966 STL Zelmo Beaty 3357 C
6%
1965 STL Zelmo Beaty 2673 C
6%
1983 HOU Allen Leavell 2601 PG
0%
1977 NYN Al Skinner 2092 SG
0%
1996 NJN Armen Gilliam 2548 SF
0%
1950 ROC Bob Davies 1516 PG
0%
1949 ROC Bob Davies 1620 PG
0%
1949 WSC Bob Feerick 1132
0%
1948 WSC Bob Feerick 887
0%
1947 WSC Bob Feerick 1166
0%
1998 ORL Bo Outlaw 2140 PF
0%
1970 CHI Clem Haskins 3441 SG
0%
1947 PIT Coulby Gunther 798
0%
1950 WAT Dick Mehen 1274 PF
0%
1950 TRI Dike Eddleman 1173 SF
0%
1953 BLB Don Barksdale 1828 PF
0%
1968 SDR Don Kojis 2422 SF
0%
1994 MIL Eric Murdock 2819 PG
0%
1993 MIL Eric Murdock 2809 PG
0%
1948 PRO Ernie Calverley 797
0%
1947 PRO Ernie Calverley 1249
0%
1951 TRI Frankie Brian 1920
0%
1950 AND Frankie Brian 1649
0%
1955 BLB Frank Selvy 380
0%
1951 FTW Fred Schaus 1970
0%
1950 FTW Fred Schaus 1420
0%
1952 BLB Fred Scolari 1753 PG
0%
1951 WSC Fred Scolari 876 PG
0%
1950 WSC Fred Scolari 1253 PG
0%
1950 PHW George Senesky 1159 PG
0%
1949 FTW Jack Smiley 670
0%
1949 BOS Jim Seminoff 915
0%
1952 INO Joe Graboski 1894 C
0%
1989 LAC Ken Norman 2843 SF
0%
1950 DNN Kenny Sailors 1445
0%
1949 PRO Kenny Sailors 1317
0%
1947 CLR Kenny Sailors 868
0%
1958 NYK Kenny Sears 2379 PF
0%
1948 BLB Kleggie Hermsen 816
0%
1964 NYK Len Chappell 2282 PF
0%
1953 INO Leo Barnhorst 2066 SF
0%
1954 MLH Lew Hitch 1548 PF
0%
1997 LAC Loy Vaught 2448 PF
0%
1996 LAC Loy Vaught 2457 PF
0%
1995 LAC Loy Vaught 2584 PF
0%
2002 CHI Marcus Fizer 1678 PF
0%
1953 MLH Mel Hutchins 2078 C
0%
1952 MLH Mel Hutchins 1867 C
0%
1988 LAC Michael Cage 2353 PF
0%
1987 LAC Michael Cage 2605 PF
0%
1947 TRH Mike McCarron 767
0%
1981 NJN Mike Newlin 2601 SG
0%
1950 BLB Paul Hoffman 1188
0%
1949 INJ Price Brookfield 714
0%
1984 CHI Quintin Dailey 2354 SG
0%
1954 BLB Ray Felix 2391 C
0%
1951 BLB Red Rocha 1641 C
0%
1979 NOJ Rich Kelley 3141 C
0%
1979 IND Ricky Sobers 2766 SG
0%
1978 IND Ricky Sobers 3124 PG
0%
1986 NYK Rory Sparrow 2009 PG
0%
1950 BOS Sonny Hertzberg 1093
0%
1947 DTF Stan Miasek 1081
0%
1947 NYK Stan Stutz 673
0%
1981 DET Terry Tyler 2231 SF
0%
1981 DAL Tom LaGarde 2341 PF
0%
1988 IND Vern Fleming 2737 PG
0%
No matching quizzes found
Score Distribution
Percent of People with Each Score
Percentile by Number Answered
Your Score History
You have not taken this quiz